แสดงรายละเอียดบรรณานุกรม
  กลับหน้าหลัก

Brief Record : Get Marc (ISO 2709) : E-mail record : QR code ปิดหน้าต่าง
LEADER 00000nama 2200000uu 4500
008    040531s2536 th m m a000 0 tha d
020    974-79 -330-8
041    tha
050    W76 ส691น 2536
100    สำนักงานคณะกรรมการการสาธารณสุข กระทรวงสาธารณสุข
245    แนวทางการนิเทศงานสาธาณรสุขมูลฐาน สำหรับเจ้าหน้าที่สาธาณรสุขระดับจังหวัด อำเภอ ตำบล/สำนักงานคณะกรรมการการสาธารณสุขมูลฐาน กระทรวงสาธารณสุข 001
260    กรุงเทพฯ องค์การสงเคราะห์ทหารผ่านศึก 2536
300    95 หน้า
650    บุคลากรสาธาณรสุข การพัฒนา การนิเทศชื่อเรื่อง
998    1999-02-02
รายการนี้ยังไม่มีแท็ก
คุณยังไม่ได้ล็อกอิน คุณสามารถมีกิจกรรมร่วมกับเว็บไซต์ได้ แต่ต้องล็อกอินก่อน ::
  ล็อกอิน
ลำดับที่ ประเภท เลขเรียก สถานที่ สถานะ
1. หนังสือทั่วไป
หนังสือทั่วไป
W76 ส691น 2536  
  
หนังสือทั่วไป On Shelf
  ขอยืม
2. หนังสือทั่วไป
หนังสือทั่วไป
W76 ส691น 2536  
  
หนังสือทั่วไป On Shelf
  ขอยืม
   [แสดง 2/2 รายการ]

BibComment


ยังไม่เคยถูกคอมเมนท์

คอมเมนท์ทรัพยากรรายการนี้
  คอมเมนท์: แนวทางการนิเทศงาน..
Bib 193674

 
 
 

 Union Library Management : ULibM
Copyright 2026. All Rights Reserved.
скачать бесплатно без регистрации порно красивый секс HD Sex Hindi sex

xxx gou

xxxx

bfxxx

xxxwww

Секса Видео

xxxx

Секса Видео

detube

geilexxx

C99 Shell

worms shell

blod xxx video
Ebony Coed Rihanna Rimes Takes A Dick In Her Young Twat priyaa indian fuck anal and pusssy hardcore indian women xxx desi hardcore fucking part 1 bengalixxxcouple